Polskie miasta na O według podpowiedzi - Statystyki

Ogólne statystyki
  • Ten quiz został rozwiązany 135 razy
  • Średni wynik to 6 z 10
Statystyki odpowiedzi
Podpowiedź Miasto % Poprawnych
Stolica Polskiej Piosenki położona nad Odrą. Opole
97%
Leży tam słynny na cały świat poniemiecki obóz koncentracyjny. Oświęcim
90%
Ma najdłuższą nazwę spośród wszystkich miast w Polsce i leży w woj. świętokrzyskim. Ostrowiec Świętokrzyski
76%
Są 2 takie miasta w Polsce. W jednym są baby pruskie, w drugim słynny zamek. Olsztyn
72%
Brat Kalisza, kolejowo lepiej skomunikowany i z tylko trochę mniejszą populacją. Ostrów Wielkopolski
60%
Znajduje się tam jedyny w Polsce funckjonujący reaktor jądrowy. Leży koło Warszawy. Otwock
59%
Miasto na prawach powiatu w województwie mazowieckim, przez które płynie Narew. Ostrołęka
58%
Miasto w województwie łódzkim słynące z firmy produkującej płytki ceramiczne. Opoczno
53%
Centrum motoryzacyjne Dolnego Śląska słynące z Muzeum Wena i Rajdu Koguta. Oława
50%
W 2001 roku kręcono w ruinach tamtejszego zamku film Zemsta. Ogrodzieniec
29%
Nie znaleziono quizów pasujących do podanych kryteriów
Rozkład punktacji
Procent ludzi z każdym wynikiem
Percentyl według liczby udzielonych odpowiedzi
Twoja historia wyników
Nie rozwiązałeś tego quizu